UM Logo

On the magnitude function of domains in Euclidean space / (Record no. 17934)

MARC details
000 -LEADER
fixed length control field 00722nam a22002057a 4500
003 - CONTROL NUMBER IDENTIFIER
control field OSt
005 - DATE AND TIME OF LATEST TRANSACTION
control field 20231027132817.0
008 - FIXED-LENGTH DATA ELEMENTS--GENERAL INFORMATION
fixed length control field 230206b ||||| |||| 00| 0 eng d
040 ## - CATALOGING SOURCE
Transcribing agency 0
082 ## - DEWEY DECIMAL CLASSIFICATION NUMBER
Classification number DPer 510.5 Am351 June - August 2021 v143 no. 3-4
100 ## - MAIN ENTRY--PERSONAL NAME
Personal name Gimperlein, Heiko.
Relator term author.
9 (RLIN) 47741
245 ## - TITLE STATEMENT
Title On the magnitude function of domains in Euclidean space /
Statement of responsibility, etc. Heiko Gimperlein and Magnus Goffeng
260 ## - PUBLICATION, DISTRIBUTION, ETC. (IMPRINT)
Place of publication, distribution, etc. Baltimore, Maryland U.S.,
Name of publisher, distributor, etc. Johns Hopkins University Press,
Date of publication, distribution, etc. June 2021.
300 ## - PHYSICAL DESCRIPTION
Extent volume 143, pages 939-967.
650 ## - SUBJECT ADDED ENTRY--TOPICAL TERM
Topical term or geographic name as entry element Functions.
9 (RLIN) 47742
650 ## - SUBJECT ADDED ENTRY--TOPICAL TERM
Topical term or geographic name as entry element Geometry.
9 (RLIN) 47743
650 ## - SUBJECT ADDED ENTRY--TOPICAL TERM
Topical term or geographic name as entry element Mathematical analysis.
9 (RLIN) 15001
700 ## - ADDED ENTRY--PERSONAL NAME
Personal name Gimperlein, Heiko.
Relator term author.
9 (RLIN) 47741
942 ## - ADDED ENTRY ELEMENTS (KOHA)
Source of classification or shelving scheme Dewey Decimal Classification
Koha item type Periodicals
Holdings
Withdrawn status Lost status Source of classification or shelving scheme Damaged status Not for loan Collection code Home library Current library Date acquired Total Checkouts Full call number Date last seen Price effective from Koha item type Public note
    Dewey Decimal Classification     Periodicals UM Digos College - LIC UM Digos College - LIC 02/06/2023   DPer 510.5 Am351 June - August 2021 v143 no. 3-4 02/06/2023 02/06/2023 Periodicals Periodical article